000 00205nam a22000857a 4500
008 170116b xxu||||| |||| 00| 0 eng d
100 _92432
_aHoly Faith
245 _aSchool Atlas
260 _aNew Delhi
_bHFI
_c2011
999 _c5472
_d5472